000 01112nam a2200313 a 4500
003 DO-SdBPM
005 20260212092730.0
007 ta
008 100312s2000 dr d r 001 0 spa d
020 _a9993450006
040 _aDO-SdBPM
_bspa
_cBPMSU
_drda
082 4 _a327.729
_bI61s 2000
_222
245 0 0 _aIntegración, sociedad y política en el Caribe /
_ceditor Wilfredo Lozano ; coordinadoras Alejandra Liriano, Lilian Bobea
264 _aSanto Domingo :
_bFLACSO,
_c2000.
300 _a390 páginas ;
_c23 cm.
336 _atexto
_btxt
_2rdacontent
337 _asin mediación
_bn
_2rdamedia
338 _avolumen
_bnc
_2rdacarrier
504 _aBibliografía páginas : 383-387
590 _aInventariado, 2026/ VM
651 7 _aCaribe (Región
_xRelaciones exteriores
651 7 _aCaribe (Región
_xIntegración económica
700 1 _aHernández Mella, Rocio
_eeditor
700 1 _aLiriano, Alejandra
_ecoordinador
700 1 _aBobea, Lilian
_ecoordinador
710 2 _aFacultad Latinoamericana de Ciencias Sociales
910 _aVMateo V. Control de calidad. BPMSU
942 _2ddc
_cBK
999 _c15685
_d15685